MARC

LEADER 00000nam0a2200000 4500
001 231619
005 20231101231113.0
010 |a 5615005866 
020 |a RU  |b 90-35268 
035 |a (RuTPU)RU\TPU\book\252641 
090 |a 231619 
100 |a 20130204d1990 m a0rusy5003 ca 
101 0 |a rus 
102 |a KZ 
105 |a y z 001zy 
200 1 |a Занимательная геокибернетика  |f О. В. Эстерле 
210 |a Алма-Ата  |c Казахстан  |d 1990 
215 |a 160 с.  |d 17 см 
320 |a Библиогр. в примеч. 
606 1 |a Геология  |2 stltpush  |3 (RuTPU)RU\TPU\subj\6095  |9 34054 
610 1 |a кибернетика 
610 1 |a геология 
610 1 |a геокибернетика 
610 1 |a история 
610 1 |a эволюция 
610 1 |a Вселенная 
675 |a 55  |z rus  |v 3 
700 1 |a Эстерле  |b О. В.  |g Отто Вильгельмович  |4 070 
801 0 |a RU  |b RuMRKP  |c 19950417  |g psbo 
801 1 |a RU  |b 63413507  |c 20130204 
801 2 |a RU  |b 63413507  |c 20140217  |g RCR 
942 |c BK